Normal view
MARC view
- Yaseen, Muhammad Faisal
Entry Personal Name
001 - CONTROL NUMBER
- control field: 97189
003 - CONTROL NUMBER IDENTIFIER
- control field: NUST
005 - DATE AND TIME OF LATEST TRANSACTION
- control field: 20220815130422.0
008 - FIXED-LENGTH DATA ELEMENTS
- fixed length control field: 220815|| aca||aabn | a|a d
040 ## - CATALOGING SOURCE
- Original cataloging agency: NUST
- Transcribing agency: NUST
100 ## - HEADING--PERSONAL NAME
- Personal name: Yaseen, Muhammad Faisal
670 ## - SOURCE DATA FOUND
- Source citation: Work cat.: (NUST): Yaseen, Muhammad Faisal , Feed Forward Barrier Function-Based Robust Non-Linear Control of PHEV /
